[Event "13. Festival Ciudad de Lorca 2024 - A"]
[White "Adarsh, D."]
[Black "Romero Garcia, Jose Luis"]
[Site "Lorca ESP"]
[Round "2.25"]
[Result "1-0"]
[Date "2024.12.27"]
[WhiteElo "1987"]
[BlackElo "1842"]
[PlyCount "91"]
[GameId "2132923574022366"]
[EventDate "2024.12.26"]
[EventCountry "ESP"]
[SourceTitle "Ajedrez en Madrid"]
[Source "lmi"]
[SourceDate "2024.12.26"]
[SourceVersion "1"]
[SourceVersionDate "2025.01.11"]
[SourceQuality "1"]

1. e4 e5 2. Nf3 Nc6 3. Nc3 Nf6 4. d4 exd4 5. Nxd4 Bc5 6. Be3 Bb6 7. Nxc6 bxc6 8. Bxb6 cxb6 9. e5 Qe7 10. f4 O-O 11. Be2 Nd5 12. Nxd5 cxd5 13. O-O Bb7 14. Bf3 Rac8 15. Kh1 Qb4 16. Qc1 d6 17. c3 Qc5 18. Qd2 dxe5 19. fxe5 Rcd8 20. Rad1 Rfe8 21. Rfe1 Qc7 22. Qg5 Re6 23. c4 Rde8 24. cxd5 Rxe5 25. Rxe5 Qxe5 26. Qxe5 Rxe5 27. d6 Bc8 28. Bc6 Re2 29. d7 Bxd7 30. Bxd7 Rxb2 31. a4 Kf8 32. Re1 f6 33. h3 a5 34. Bb5 Kf7 35. Rc1 Ke6 36. Rc6+ Ke5 37. Rxb6 Kf4 38. Kh2 h5 39. Rc6 f5 40. Rg6 Ke5 41. Rg3 Ke4 42. Bd3+ Ke5 43. Rxg7 Kf4 44. Rf7 Kg5 45. Rxf5+ Kh4 46. Rf4+ 1-0

[Event "13. Festival Ciudad de Lorca 2024 - A"]
[White "Atharva, Kale"]
[Black "Ramos Saavedra, Mario"]
[Site "Lorca ESP"]
[Round "2.26"]
[Result "1-0"]
[Date "2024.12.27"]
[WhiteElo "1866"]
[BlackElo "1983"]
[PlyCount "65"]
[GameId "2132923574022367"]
[EventDate "2024.12.26"]
[EventCountry "ESP"]
[SourceTitle "Ajedrez en Madrid"]
[Source "lmi"]
[SourceDate "2024.12.26"]
[SourceVersion "1"]
[SourceVersionDate "2025.01.11"]
[SourceQuality "1"]

1. e4 c5 2. Nf3 d6 3. d4 cxd4 4. Nxd4 Nf6 5. Nc3 g6 6. Be3 Bg7 7. f3 O-O 8. Qd2 Nc6 9. O-O-O d5 10. Qe1 e5 11. Nxc6 bxc6 12. exd5 Nxd5 13. Bc4 Be6 14. Kb1 Qc7 15. Nxd5 cxd5 16. Bxd5 Rfc8 17. Qe2 Bf5 18. Be4 Rab8 19. b3 a5 20. Rd5 Be6 21. Rc5 Qe7 22. Rxc8+ Rxc8 23. Qb5 Qc7 24. Rd1 Rd8 25. Rxd8+ Qxd8 26. Qd3 Qb8 27. Qa6 Qd8 28. Qa8 Qxa8 29. Bxa8 Bf8 30. Bb6 Bb4 31. Kb2 a4 32. bxa4 Bc4 33. Bb7 1-0

[Event "13. Festival Ciudad de Lorca 2024 - A"]
[White "Diaz Rodriguez, Jose Antonio"]
[Black "Kong, Lingzhijie"]
[Site "Lorca ESP"]
[Round "2.27"]
[Result "0-1"]
[Date "2024.12.27"]
[WhiteElo "1973"]
[BlackElo "1816"]
[PlyCount "114"]
[GameId "2132923574022368"]
[EventDate "2024.12.26"]
[EventCountry "ESP"]
[SourceTitle "Ajedrez en Madrid"]
[Source "lmi"]
[SourceDate "2024.12.26"]
[SourceVersion "1"]
[SourceVersionDate "2025.01.11"]
[SourceQuality "1"]

1. e4 c5 2. Nf3 d6 3. c3 Nf6 4. h3 g6 5. Bb5+ Bd7 6. Bxd7+ Nbxd7 7. Qe2 Bg7 8. O-O O-O 9. d4 cxd4 10. cxd4 e5 11. dxe5 dxe5 12. Nc3 a6 13. Be3 b5 14. a3 Rc8 15. Rfd1 Qe7 16. Nd5 Nxd5 17. exd5 Qd6 18. b4 e4 19. Nd4 Qxd5 20. Rab1 Qc4 21. Qxc4 bxc4 22. Ne6 fxe6 23. Rxd7 Rcd8 24. Rxd8 Rxd8 25. Rc1 c3 26. Kf1 Rc8 27. Rc2 Kf7 28. Ke2 Ke8 29. Bf4 Kd7 30. Kd1 Kc6 31. Re2 Kd5 32. Kc2 Rc6 33. Re1 Bd4 34. Re2 e5 35. Bg5 Rc7 36. Bd8 Rf7 37. Bh4 h6 38. Bg3 g5 39. Kb3 h5 40. h4 g4 41. Rc2 Rf6 42. Re2 Rc6 43. Rc2 Rc8 44. Re2 Ba7 45. Re1 c2 46. Rc1 e3 47. fxe3 Bxe3 48. Rxc2 Rxc2 49. Kxc2 Kd4 50. Kd1 Bf4 51. Bf2+ Kd3 52. g3 Bd2 53. Be1 Bxe1 54. Kxe1 Kc3 55. Ke2 Kb3 56. Kd3 Kxa3 57. Kc4 e4 0-1

[Event "13. Festival Ciudad de Lorca 2024 - A"]
[White "Mitul, K H"]
[Black "Vaddhireddy, Sai"]
[Site "Lorca ESP"]
[Round "2.28"]
[Result "1-0"]
[Date "2024.12.27"]
[WhiteElo "1834"]
[BlackElo "1962"]
[PlyCount "69"]
[GameId "2132923574022369"]
[EventDate "2024.12.26"]
[EventCountry "ESP"]
[SourceTitle "Ajedrez en Madrid"]
[Source "lmi"]
[SourceDate "2024.12.26"]
[SourceVersion "1"]
[SourceVersionDate "2025.01.11"]
[SourceQuality "1"]

1. e4 c6 2. d4 d5 3. exd5 cxd5 4. Bd3 Nc6 5. c3 Nf6 6. Bf4 Bg4 7. Qb3 Qd7 8. Nd2 e6 9. Ngf3 Bd6 10. Bxd6 Qxd6 11. O-O O-O 12. Rae1 Ne7 13. Ne5 Bf5 14. Bxf5 Nxf5 15. g4 Ne7 16. f4 b5 17. f5 exf5 18. gxf5 Rab8 19. a3 a5 20. Re2 b4 21. cxb4 axb4 22. a4 Qa6 23. Rg2 Qa7 24. Qe3 Ne8 25. f6 Ng6 26. Nc6 Qc7 27. Nxb8 Qxb8 28. fxg7 Nxg7 29. Qf3 Nh4 30. Rxg7+ Kxg7 31. Qf6+ Kg8 32. Qxh4 Qe8 33. Qg5+ Kh8 34. Qf6+ Kg8 35. Kf2 1-0

[Event "13. Festival Ciudad de Lorca 2024 - A"]
[White "Bartakke, Aditya"]
[Black "Ilinca Ilinca, Filip Antonio"]
[Site "Lorca ESP"]
[Round "2.29"]
[Result "1-0"]
[Date "2024.12.27"]
[WhiteElo "1957"]
[BlackElo "1790"]
[PlyCount "51"]
[GameId "2132923574022370"]
[EventDate "2024.12.26"]
[EventCountry "ESP"]
[SourceTitle "Ajedrez en Madrid"]
[Source "lmi"]
[SourceDate "2024.12.26"]
[SourceVersion "1"]
[SourceVersionDate "2025.01.11"]
[SourceQuality "1"]

1. e4 c6 2. d4 d5 3. e5 Bf5 4. Be2 e6 5. Nf3 c5 6. O-O Nc6 7. c3 Qb6 8. dxc5 Bxc5 9. b4 Bf8 10. Be3 Qc7 11. Qa4 Nge7 12. Na3 Ng6 13. Nb5 Qd7 14. Rfd1 Be7 15. Nd6+ Bxd6 16. exd6 Qxd6 17. b5 Nce7 18. b6+ Nc6 19. Nd4 O-O 20. Nb5 Qe5 21. bxa7 Nge7 22. Rd2 Nxa7 23. Nxa7 Qxc3 24. Qd4 Qa5 25. Qc5 Rxa7 26. Qxa7 1-0

[Event "13. Festival Ciudad de Lorca 2024 - A"]
[White "Herrero Pena, Laura"]
[Black "Picazo Gonzalez, Alejandro"]
[Site "Lorca ESP"]
[Round "2.30"]
[Result "0-1"]
[Date "2024.12.27"]
[WhiteElo "1804"]
[BlackElo "1956"]
[PlyCount "100"]
[GameId "2132923574022371"]
[EventDate "2024.12.26"]
[EventCountry "ESP"]
[SourceTitle "Ajedrez en Madrid"]
[Source "lmi"]
[SourceDate "2024.12.26"]
[SourceVersion "1"]
[SourceVersionDate "2025.01.11"]
[SourceQuality "1"]

1. e4 e6 2. d4 d5 3. Nd2 dxe4 4. Nxe4 Nd7 5. Nf3 Ngf6 6. Bd3 c5 7. c3 Nxe4 8. Bxe4 Nf6 9. Bc2 cxd4 10. Nxd4 Bd7 11. O-O Qc7 12. h3 Bc5 13. Qe2 O-O 14. Nb3 Be7 15. Be3 Bc6 16. Nd2 Rfd8 17. Rad1 Nd5 18. Bd4 Nf4 19. Qe5 Qxe5 20. Bxe5 Nxg2 21. Be4 Nh4 22. Bxc6 bxc6 23. Kh1 Rd3 24. f3 Rad8 25. Rf2 Bc5 26. Re2 Nxf3 27. Bf4 e5 28. Bxe5 Rxd2 29. Rdxd2 Rxd2 30. Re4 Nxe5 31. Rxe5 Rh2+ 32. Kxh2 Bd6 33. Kg2 Bxe5 34. Kf3 f5 35. Ke3 Kf7 36. Kd3 Ke6 37. b3 g5 38. c4 h5 39. b4 g4 40. hxg4 fxg4 41. Ke3 Kf5 42. Kf2 h4 43. b5 cxb5 44. cxb5 Kf4 45. a4 h3 46. Kg1 g3 47. a5 Bd4+ 48. Kh1 g2+ 49. Kh2 g1=Q+ 50. Kxh3 Qg3# 0-1

[Event "13. Festival Ciudad de Lorca 2024 - A"]
[White "Troidl, Thomas"]
[Black "Asensio Ramon, Ismael"]
[Site "Lorca ESP"]
[Round "2.31"]
[Result "1-0"]
[Date "2024.12.27"]
[WhiteElo "1945"]
[BlackElo "1782"]
[PlyCount "51"]
[GameId "2132923574022372"]
[EventDate "2024.12.26"]
[EventCountry "ESP"]
[SourceTitle "Ajedrez en Madrid"]
[Source "lmi"]
[SourceDate "2024.12.26"]
[SourceVersion "1"]
[SourceVersionDate "2025.01.11"]
[SourceQuality "1"]

1. e4 c5 2. Nf3 e6 3. d4 cxd4 4. Nxd4 Nf6 5. Bd3 Nc6 6. Nxc6 bxc6 7. O-O Be7 8. c4 d5 9. exd5 exd5 10. Nc3 O-O 11. Bf4 a6 12. Re1 Be6 13. Qa4 Qb6 14. Re2 Rfd8 15. Rc1 dxc4 16. Bxc4 Rd4 17. Be3 Bxc4 18. Bxd4 Qxd4 19. Rxe7 Qf4 20. Rce1 h6 21. h3 Rd8 22. g3 Qd4 23. Rd1 Qb6 24. Qxc4 Rxd1+ 25. Nxd1 Qd8 26. Qxf7+ 1-0

[Event "13. Festival Ciudad de Lorca 2024 - A"]
[White "Patil, Rushad"]
[Black "Velasco Garcia, Jorge Juan"]
[Site "Lorca ESP"]
[Round "2.32"]
[Result "0-1"]
[Date "2024.12.27"]
[WhiteElo "1782"]
[BlackElo "1938"]
[PlyCount "96"]
[GameId "2132923574022373"]
[EventDate "2024.12.26"]
[EventCountry "ESP"]
[SourceTitle "Ajedrez en Madrid"]
[Source "lmi"]
[SourceDate "2024.12.26"]
[SourceVersion "1"]
[SourceVersionDate "2025.01.11"]
[SourceQuality "1"]

1. d4 d5 2. c4 c6 3. Nc3 Nf6 4. Bg5 e6 5. e3 Nbd7 6. Nf3 Be7 7. h3 h6 8. Bf4 O-O 9. Bd3 dxc4 10. Bxc4 b5 11. Bd3 a6 12. a4 Bb7 13. O-O b4 14. Ne4 Nxe4 15. Bxe4 Nf6 16. Bd3 c5 17. dxc5 Bxc5 18. Rc1 Qa5 19. Rxc5 Qxc5 20. Bd6 Qh5 21. Bxf8 Bxf3 22. Qxf3 Qxf3 23. gxf3 Kxf8 24. Rc1 a5 25. Rc7 Ne8 26. Rd7 Nf6 27. Rb7 g6 28. Bc4 Ne8 29. Rd7 Rc8 30. b3 Rc7 31. Rd8 Ke7 32. Ra8 Nd6 33. Rxa5 Nxc4 34. bxc4 Rb7 35. c5 b3 36. c6 b2 37. cxb7 b1=Q+ 38. Kg2 Qxb7 39. Rb5 Qa6 40. Rb4 Qa5 41. Rd4 Qe1 42. Rd3 Qa1 43. Rd4 e5 44. Rc4 Kd6 45. Rh4 h5 46. Rb4 Kc5 47. Re4 f5 48. Rh4 Qe1 0-1

[Event "13. Festival Ciudad de Lorca 2024 - A"]
[White "Escudero Ribo, Eloi"]
[Black "Guirado Lara, Pablo"]
[Site "Lorca ESP"]
[Round "2.33"]
[Result "1/2-1/2"]
[Date "2024.12.27"]
[WhiteElo "1903"]
[BlackElo "1735"]
[PlyCount "75"]
[GameId "2132923574026470"]
[EventDate "2024.12.26"]
[EventCountry "ESP"]
[SourceTitle "Ajedrez en Madrid"]
[Source "lmi"]
[SourceDate "2024.12.26"]
[SourceVersion "1"]
[SourceVersionDate "2025.01.11"]
[SourceQuality "1"]

1. d4 Nf6 2. Bg5 g6 3. Bxf6 exf6 4. c4 Bg7 5. Nc3 d6 6. g3 Nd7 7. Bg2 O-O 8. e3 f5 9. Nge2 Nf6 10. O-O Rb8 11. b4 b6 12. Rb1 Bb7 13. d5 Re8 14. Nd4 Ne4 15. Nxe4 fxe4 16. a4 f5 17. a5 Qf6 18. Qa4 Rbd8 19. Ne6 Rxe6 20. dxe6 Qxe6 21. Qb3 Ba6 22. Rfc1 Bb7 23. Bf1 Be5 24. c5 Bd5 25. Bc4 Bxc4 26. Qxc4 Qxc4 27. Rxc4 b5 28. Rc2 d5 29. c6 a6 30. Kg2 Kf7 31. h4 h5 32. f3 Ke6 33. Kf2 exf3 34. Kxf3 Rd6 35. Rb3 Rd8 36. Rd3 Rd6 37. Rc5 Rd8 38. Rd1 1/2-1/2

[Event "13. Festival Ciudad de Lorca 2024 - A"]
[White "Fernandez Calzada, Juan A."]
[Black "Peschardt, Soren"]
[Site "Lorca ESP"]
[Round "2.34"]
[Result "0-1"]
[Date "2024.12.27"]
[WhiteElo "1773"]
[BlackElo "1895"]
[PlyCount "42"]
[GameId "2132923574026471"]
[EventDate "2024.12.26"]
[EventCountry "ESP"]
[SourceTitle "Ajedrez en Madrid"]
[Source "lmi"]
[SourceDate "2024.12.26"]
[SourceVersion "1"]
[SourceVersionDate "2025.01.11"]
[SourceQuality "1"]

1. e4 d5 2. exd5 Qxd5 3. Nc3 Qa5 4. d4 Nf6 5. Bd2 c6 6. Bc4 Bf5 7. Nf3 e6 8. Nh4 Bg6 9. Nxg6 hxg6 10. Bb3 Bb4 11. a3 Bxc3 12. Bxc3 Qc7 13. h3 Nbd7 14. Qe2 O-O-O 15. O-O-O Nd5 16. Bd2 N7f6 17. Qf3 Qb6 18. Bg5 Rd7 19. Rhe1 Ne8 20. c4 Ndf6 21. Be3 Qxb3 0-1

[Event "13. Festival Ciudad de Lorca 2024 - A"]
[White "Mendez Gimenez, Nestor Emmanuel"]
[Black "Guirado Castillo, Pablo"]
[Site "Lorca ESP"]
[Round "2.35"]
[Result "0-1"]
[Date "2024.12.27"]
[WhiteElo "1893"]
[BlackElo "1698"]
[PlyCount "80"]
[GameId "2132923574026472"]
[EventDate "2024.12.26"]
[EventCountry "ESP"]
[SourceTitle "Ajedrez en Madrid"]
[Source "lmi"]
[SourceDate "2024.12.26"]
[SourceVersion "1"]
[SourceVersionDate "2025.01.11"]
[SourceQuality "1"]

1. e4 e6 2. d4 d5 3. Nc3 Nf6 4. e5 Nfd7 5. f4 c5 6. Nf3 Nc6 7. Be3 Be7 8. Qd2 O-O 9. dxc5 Nxc5 10. O-O-O a6 11. Nd4 Bd7 12. g4 b5 13. Rg1 b4 14. Nb1 a5 15. Nxc6 Bxc6 16. f5 Ne4 17. Qe1 Qc7 18. Bd3 Qxe5 19. Bxe4 Qxe4 20. Nd2 Qe5 21. Nf3 Qc7 22. Nd4 e5 23. Qg3 Bd6 24. Nxc6 Qxc6 25. Qg2 e4 26. Qd2 Rac8 27. Rg2 Be5 28. Bd4 Bxd4 29. Qxd4 Rcd8 30. g5 Qc4 31. b3 Qc3 32. Rgd2 Qf3 33. Rf2 Qc3 34. Rfd2 Qf3 35. Qe5 e3 36. Rxd5 Rc8 37. f6 Qg2 38. Rc5 e2 39. Rxc8 exd1=Q+ 40. Kxd1 Rxc8 0-1

[Event "13. Festival Ciudad de Lorca 2024 - A"]
[White "Mengual Brotons, Jesus"]
[Black "Leiva Raya, Nicolas"]
[Site "Lorca ESP"]
[Round "2.36"]
[Result "0-1"]
[Date "2024.12.27"]
[WhiteElo "1723"]
[BlackElo "1891"]
[PlyCount "90"]
[GameId "2132923574026473"]
[EventDate "2024.12.26"]
[EventCountry "ESP"]
[SourceTitle "Ajedrez en Madrid"]
[Source "lmi"]
[SourceDate "2024.12.26"]
[SourceVersion "1"]
[SourceVersionDate "2025.01.11"]
[SourceQuality "1"]

1. d4 Nf6 2. Nf3 e6 3. Bf4 c5 4. e3 Qb6 5. Na3 d5 6. Nb5 Na6 7. a4 c4 8. Ne5 Bd7 9. Nxd7 Nxd7 10. g3 Rc8 11. Bg2 Nb4 12. e4 a6 13. Nc3 Nf6 14. O-O Rd8 15. Qe2 Qxd4 16. Rfd1 Qc5 17. exd5 Nbxd5 18. Nxd5 Nxd5 19. Bxd5 Rxd5 20. Rxd5 Qxd5 21. Rd1 Qc6 22. Qe5 Qc8 23. Re1 Rg8 24. Be3 Be7 25. Rd1 f5 26. Bb6 Kf7 27. Qc3 Bf6 28. Bd4 Rd8 29. Rd2 Bxd4 30. Rxd4 Rxd4 31. Qxd4 Qc6 32. b3 cxb3 33. cxb3 Qd5 34. Qc3 h6 35. h4 Kg6 36. Kh2 Qc6 37. Qb2 Qf3 38. Qc2 Kh5 39. Kg1 Kg4 40. Qc4+ Qe4 41. Qc3 Kh3 42. g4+ Kxh4 43. Qg3+ Kg5 44. f4+ Qxf4 45. Qxf4+ Kxf4 0-1

[Event "13. Festival Ciudad de Lorca 2024 - A"]
[White "Pastor Villalba, Arturo"]
[Black "Martinez, Thomas"]
[Site "Lorca ESP"]
[Round "2.37"]
[Result "1-0"]
[Date "2024.12.27"]
[WhiteElo "1891"]
[BlackElo "1594"]
[PlyCount "73"]
[GameId "2132923574026474"]
[EventDate "2024.12.26"]
[EventCountry "ESP"]
[SourceTitle "Ajedrez en Madrid"]
[Source "lmi"]
[SourceDate "2024.12.26"]
[SourceVersion "1"]
[SourceVersionDate "2025.01.11"]
[SourceQuality "1"]

1. d4 d5 2. c4 e6 3. Nc3 Bb4 4. Qa4+ Nc6 5. e3 Nf6 6. Bd2 O-O 7. Nf3 Re8 8. Be2 Bf8 9. O-O Qe7 10. Qc2 g6 11. a3 dxc4 12. Bxc4 e5 13. d5 e4 14. Nd4 Nxd4 15. exd4 a6 16. Rae1 Bg7 17. h3 Bf5 18. Be3 Qd6 19. Qd2 b5 20. Bb3 Re7 21. Bf4 Qb6 22. g4 Bd7 23. Be5 a5 24. d6 cxd6 25. Bxf6 Bxf6 26. Nd5 Qxd4 27. Qxd4 Bxd4 28. Nxe7+ Kf8 29. Rxe4 Bxb2 30. a4 b4 31. Nd5 f5 32. Re2 Bd4 33. Rd1 Bc5 34. Nf6 Bc6 35. Rde1 Ra7 36. g5 Bd4 37. Re8+ 1-0

[Event "13. Festival Ciudad de Lorca 2024 - A"]
[White "Ibarra Jerez, Juan Miguel"]
[Black "Li, Di"]
[Site "Lorca ESP"]
[Round "3.1"]
[Result "0-1"]
[Date "2024.12.27"]
[WhiteElo "2220"]
[BlackElo "2552"]
[PlyCount "106"]
[GameId "2129334345445462"]
[EventDate "2024.12.26"]
[EventCountry "ESP"]
[SourceTitle "Ajedrez en Madrid"]
[Source "lmi"]
[SourceDate "2024.12.26"]
[SourceVersion "1"]
[SourceVersionDate "2025.01.11"]
[SourceQuality "1"]

{[%evp 0,33,11,34,21,-6,31,-12,2,13,5,-1,-1,-3,-18,-15,-16,-7,-1,-12,-11,-20,-35,96,-35,-61,-116,-92,-113,-132,-140,47,-142,-122,-39,-146]} 1. Nf3 c5 2. g3 Nc6 3. Bg2 g6 4. O-O Bg7 5. c3 e5 6. e4 Nge7 7. d3 O-O 8. a3 d5 9. b4 h6 10. bxc5 dxe4 11. dxe4 Na5 12. Qxd8 Rxd8 13. Nbd2 Be6 14. a4 Rd7 15. Rb1 Rad8 16. Re1 Nec6 17. Nf1 Nb3 18. Ba3 Bf8 19. Ne3 Nxc5 20. Bxc5 Bxc5 21. Nd5 Kg7 22. Rb5 b6 23. Nd2 Na5 24. Nb3 Nxb3 25. Rxb3 Rc8 26. a5 bxa5 27. Rb5 a4 28. Ra1 a3 29. Kf1 Bxd5 30. exd5 Bd6 31. Rb3 Rdc7 32. Rc1 f5 33. Ke2 Kf6 34. Kd2 h5 35. Bf1 Rc5 36. c4 Ra5 37. Ra1 e4 38. Ra2 Ke5 39. Rb7 Rb8 40. Rxb8 Bxb8 41. Be2 Bd6 42. Kc3 Bc5 43. Bd1 Ra6 44. Bb3 g5 45. Rd2 g4 46. Re2 h4 47. Rd2 h3 48. Re2 Rb6 49. Ra2 a5 50. Ba4 Rb1 51. Bb3 Rh1 52. Re2 Kd6 53. Ba4 Rxh2 0-1

[Event "13. Festival Ciudad de Lorca 2024 - A"]
[White "Vignesh, N R"]
[Black "Piccoli, Lucas Fonseca"]
[Site "Lorca ESP"]
[Round "3.2"]
[Result "1-0"]
[Date "2024.12.27"]
[WhiteElo "2523"]
[BlackElo "2270"]
[PlyCount "71"]
[GameId "2129202599821989"]
[EventDate "2024.12.26"]
[EventCountry "ESP"]
[SourceTitle "Ajedrez en Madrid"]
[Source "lmi"]
[SourceDate "2024.12.26"]
[SourceVersion "1"]
[SourceVersionDate "2025.01.11"]
[SourceQuality "1"]

1. e4 c5 2. Nf3 Nc6 3. Nc3 g6 4. d4 cxd4 5. Nxd4 Bg7 6. Nb3 Nf6 7. Be2 O-O 8. O-O d6 9. Re1 Be6 10. Bf1 a6 11. Nd5 Rc8 12. Bg5 Ne5 13. Bxf6 exf6 14. Ne3 Nc4 15. Bxc4 Bxc4 16. Nxc4 Rxc4 17. Qd3 b5 18. c3 Re8 19. Rad1 Qa8 20. f3 Qa7+ 21. Kh1 Re6 22. Nd4 Re5 23. Nc2 h5 24. Qxd6 Qf2 25. Rd2 Qh4 26. Qb8+ Kh7 27. Qb7 Qf4 28. Ne3 Rec5 29. Nxc4 bxc4 30. Rd7 Rb5 31. Qa7 Rxb2 32. Rxf7 Qh6 33. Rd1 h4 34. h3 Rxa2 35. Rxg7+ Qxg7 36. Rd7 1-0

[Event "13. Festival Ciudad de Lorca 2024 - A"]
[White "Cabrera, Alexis"]
[Black "Vingris, Mikelis"]
[Site "Lorca ESP"]
[Round "3.3"]
[Result "1-0"]
[Date "2024.12.27"]
[WhiteElo "2410"]
[BlackElo "2147"]
[PlyCount "103"]
[GameId "2129334590279823"]
[EventDate "2024.12.26"]
[EventCountry "ESP"]
[SourceTitle "Ajedrez en Madrid"]
[Source "lmi"]
[SourceDate "2024.12.26"]
[SourceVersion "1"]
[SourceVersionDate "2025.01.11"]
[SourceQuality "1"]

1. e4 c5 2. Nf3 d6 3. d4 cxd4 4. Nxd4 Nf6 5. Nc3 a6 6. f3 e5 7. Nb3 Be6 8. Be3 h5 9. Qd2 Nbd7 10. O-O-O Rc8 11. Kb1 Be7 12. Nd5 Nxd5 13. exd5 Bf5 14. Rc1 O-O 15. Rg1 Bg6 16. g4 hxg4 17. fxg4 Nc5 18. h4 Nxb3 19. axb3 Qd7 20. h5 Be4 21. Bd3 Bxd5 22. h6 g6 23. Bxg6 fxg6 24. Qxd5+ Kh8 25. Rgf1 Qb5 26. Qe6 Rxf1 27. Qxc8+ Rf8 28. Qe6 Qe8 29. Rd1 b5 30. Bd2 Qf7 31. Qd7 d5 32. Re1 e4 33. Bc3+ Kh7 34. Bd4 Bh4 35. Qxf7+ Rxf7 36. Re2 Rf1+ 37. Ka2 Kxh6 38. c4 Rd1 39. Be3+ g5 40. Bb6 dxc4 41. bxc4 Rd6 42. c5 Re6 43. Kb3 e3 44. Kc3 Bf2 45. Kd4 Kg6 46. Kd5 Kf7 47. c6 Re8 48. c7 a5 49. Bxa5 Rc8 50. Kc6 Ke6 51. Bb6 Rxc7+ 52. Bxc7 1-0

[Event "13. Festival Ciudad de Lorca 2024 - A"]
[White "Filgueiras, Nathan Felipe"]
[Black "Shah, Jeet"]
[Site "Lorca ESP"]
[Round "3.4"]
[Result "1/2-1/2"]
[Date "2024.12.27"]
[WhiteElo "2328"]
[BlackElo "2052"]
[PlyCount "193"]
[GameId "2129201893761661"]
[EventDate "2024.12.26"]
[EventCountry "ESP"]
[SourceTitle "Ajedrez en Madrid"]
[Source "lmi"]
[SourceDate "2024.12.26"]
[SourceVersion "1"]
[SourceVersionDate "2025.01.11"]
[SourceQuality "1"]

{[%evp 0,47,11,10,5,-2,8,15,39,9,17,7,3,-112,9,12,13,23,18,2,0,2,3,-4,7,18,12,0,2,-59,-3,-23,-23,-25,-19,-42,-65,-36,-3,-90,17,-7,8,29,36,49,72,-28,-50,-76]} 1. Nf3 Nf6 2. c4 e6 3. Nc3 d5 4. e3 Be7 5. b3 O-O 6. Bb2 b6 7. cxd5 Nxd5 8. Nxd5 exd5 9. Qc2 c5 10. d4 Nc6 11. a3 Be6 12. Bd3 h6 13. O-O Rc8 14. Qd2 c4 15. bxc4 dxc4 16. Bc2 f5 17. Rad1 Bd5 18. Ne5 Qc7 19. Ng6 Bd6 20. Nxf8 Bxh2+ 21. Kh1 Rxf8 22. Qe2 Bd6 23. Qh5 Ne7 24. Kg1 Qc6 25. Qh3 Rf6 26. f3 Rg6 27. e4 fxe4 28. fxe4 Bxe4 29. Bxe4 Qxe4 30. Rde1 Qd5 31. Qf3 b5 32. Qxd5+ Nxd5 33. Re8+ Kh7 34. Re4 Rg3 35. Bc1 Bxa3 36. Bxa3 Rxa3 37. Re5 Ne3 38. Re1 Nc2 39. R1e4 Rd3 40. Rxb5 Nxd4 41. Rc5 c3 42. Re7 Rd1+ 43. Kf2 c2 44. Rcc7 Nf5 45. Re1 Ne3 46. g3 a5 47. Rc5 a4 48. Rc6 a3 49. Rxe3 a2 50. Ra3 a1=Q 51. Rxa1 Rxa1 52. Rxc2 Ra3 53. Kg2 h5 54. Rb2 Kh6 55. Rc2 Kg6 56. Rb2 Kf6 57. Rb6+ Kf7 58. Rb7+ Kg6 59. Rb6+ Kh7 60. Rb2 g6 61. Rc2 Kg7 62. Rf2 g5 63. Rb2 g4 64. Rb6 Rf3 65. Ra6 Rf6 66. Ra5 Kg6 67. Rb5 Rf5 68. Rb6+ Kg5 69. Rb2 Rc5 70. Rf2 Rd5 71. Rf7 Rd2+ 72. Kg1 h4 73. gxh4+ Kxh4 74. Rf1 Kg3 75. Re1 Rg2+ 76. Kh1 Rd2 77. Kg1 Kh3 78. Rb1 Rd3 79. Ra1 Kg3 80. Rb1 Rd2 81. Ra1 Rg2+ 82. Kh1 Kh3 83. Ra3+ Rg3 84. Ra1 Rc3 85. Kg1 g3 86. Rb1 Rc2 87. Rd1 Rg2+ 88. Kh1 Re2 89. Kg1 Kg4 90. Rb1 Kf3 91. Rb3+ Re3 92. Rb1 g2 93. Ra1 Kg3 94. Rb1 Rf3 95. Ra1 Rf1+ 96. Rxf1 gxf1=Q+ 97. Kxf1 1/2-1/2

[Event "13. Festival Ciudad de Lorca 2024 - A"]
[White "Tonndorf, Matthias"]
[Black "Vinuesa Sorli, Ruben"]
[Site "Lorca ESP"]
[Round "3.5"]
[Result "1/2-1/2"]
[Date "2024.12.27"]
[WhiteElo "2138"]
[BlackElo "2291"]
[PlyCount "60"]
[GameId "2129204321608408"]
[EventDate "2024.12.26"]
[EventCountry "ESP"]
[SourceTitle "Ajedrez en Madrid"]
[Source "lmi"]
[SourceDate "2024.12.26"]
[SourceVersion "1"]
[SourceVersionDate "2025.01.11"]
[SourceQuality "1"]

{[%evp 0,60,11,19,28,9,14,-9,24,14,12,8,9,9,2,9,9,11,5,-4,49,3,15,-48,34,61,38,34,21,27,-4,-43,-45,-45,8,-51,-53,-45,8,158,-12,165,32,-75,-12,-75,-73,-75,-100,-67,90,-67,-70,-83,-62,-51,-53,58,-35,55,-13,-15,2]} 1. c4 Nf6 2. g3 g6 3. Bg2 Bg7 4. Nc3 O-O 5. e4 d6 6. Nge2 c5 7. O-O Nc6 8. d3 a6 9. f4 Bd7 10. h3 Ne8 11. f5 Nd4 12. Nxd4 Bxd4+ 13. Kh1 Ng7 14. g4 e6 15. fxg6 fxg6 16. Rxf8+ Qxf8 17. Bh6 Qf2 18. Qd2 Rf8 19. Ne2 Bf6 20. Rf1 Qh4 21. Bf4 e5 22. Bg3 Qg5 23. Qxg5 Bxg5 24. Rxf8+ Kxf8 25. Be1 Ne6 26. Nc3 Bc1 27. b3 Nf4 28. Bf1 Bb2 29. Nd5 Nxd5 30. exd5 Bc1 1/2-1/2

[Event "13. Festival Ciudad de Lorca 2024 - A"]
[White "Fondrat, Johan"]
[Black "Chavez Suarez, Carlos Alberto"]
[Site "Lorca ESP"]
[Round "3.6"]
[Result "0-1"]
[Date "2024.12.27"]
[WhiteElo "2054"]
[BlackElo "2278"]
[PlyCount "54"]
[GameId "2129205736300711"]
[EventDate "2024.12.26"]
[EventCountry "ESP"]
[SourceTitle "Ajedrez en Madrid"]
[Source "lmi"]
[SourceDate "2024.12.26"]
[SourceVersion "1"]
[SourceVersionDate "2025.01.11"]
[SourceQuality "1"]

1. e4 c5 2. Nf3 d6 3. Bb5+ Bd7 4. Bxd7+ Qxd7 5. O-O Nc6 6. c3 g6 7. d4 Bg7 8. d5 Ne5 9. Nxe5 Bxe5 10. a4 e6 11. f4 Bg7 12. dxe6 fxe6 13. Na3 Nf6 14. Qd3 O-O 15. Bd2 Rad8 16. a5 Qc6 17. Rfe1 d5 18. e5 Ne4 19. Be3 g5 20. g3 Qe8 21. Qb5 Qg6 22. fxg5 Bxe5 23. Bxc5 Rf3 24. Re3 Rf5 25. Rf1 Qxg5 26. Rxf5 exf5 27. Qxb7 Nxc5 0-1

[Event "13. Festival Ciudad de Lorca 2024 - A"]
[White "Pogorelov, Ruslan"]
[Black "Ilinca, Felix-Antonio"]
[Site "Lorca ESP"]
[Round "3.7"]
[Result "0-1"]
[Date "2024.12.27"]
[WhiteElo "2282"]
[BlackElo "2450"]
[PlyCount "59"]
[GameId "2129217272594623"]
[EventDate "2024.12.26"]
[EventCountry "ESP"]
[SourceTitle "Ajedrez en Madrid"]
[Source "lmi"]
[SourceDate "2024.12.26"]
[SourceVersion "1"]
[SourceVersionDate "2025.01.11"]
[SourceQuality "1"]

1. Nf3 d5 2. d4 Nf6 3. c4 e6 4. Nc3 dxc4 5. Qa4+ Nc6 6. Qxc4 Nb4 7. Qb3 c5 8. dxc5 Bxc5 9. Bg5 O-O 10. Rd1 Qb6 11. e3 Nfd5 12. Nxd5 exd5 13. Be2 Bf5 14. Rc1 h6 15. Bf4 Nc2+ 16. Kd1 Rac8 17. Qxb6 Bxb6 18. Be5 Rfd8 19. a3 d4 20. Bxd4 Rc6 21. Bb5 Bxd4 22. exd4 Rb6 23. a4 Nxd4 24. Nxd4 Rxd4+ 25. Ke2 a6 26. Bc4 Rxb2+ 27. Ke3 Re4+ 28. Kf3 Rb4 29. Bd5 Red4 30. Rhd1 0-1